000
00344nam a22001697a 4500
003
SGT
020
_a
9789392544934
082
_a
615.53
_b
P24S
100
_a
SINGH, SKHITHA.K.
245
_a
PAKAVALIH
250
_a
1ST
260
_a
NEW DELHI
_b
CCRAS
_c
2024
300
_a
193
650
_a
AYURVEDA
653
_a
PAKAVALIH
942
_2
ddc
_c
BK
999
_c
34703
_d
34703